000
00267nam a22001097a 4500
999
_c
155326
_d
155326
082
_a
_b
100
_a
Shakuntala Panchal
245
_a
Biharika samasik shabdkosh/
_c
by Shakuntala Panchal.
260
_a
Kanpur:
_b
Abhay Prakashan,
_c
1999.
650
_a
942
_c
BK